00341nam a2200145Ia 4500008004100000041000800041082001600049100002300065245004800088260001300136300001700149365000700166650001100173650001100184210719s2011 xx 000 0 und d afre a440.05 GOER aGOEL (Suresh K) Ed aRencontre avec linde Tome 40 Numero 1, 2011 aNDc2011 aviii,232bPB cRs aFrench aFrench